Rabindranath Portraits And Self Portraits/ (Record no. 195386)
[ view plain ]
| 000 -LEADER | |
|---|---|
| fixed length control field | 00545nam a22001697a 4500 |
| 005 - DATE AND TIME OF LATEST TRANSACTION | |
| control field | 20230324143347.0 |
| 010 ## - LCCN (DPL NO) | |
| LC control number | ENG-136499 |
| 020 ## - INTERNATIONAL STANDARD BOOK NUMBER | |
| International Standard Book Number | 9788175225091 |
| Terms of availability | 1000.00 |
| 035 ## - SYSTEM CONTROL NUMBER | |
| System control number | EN-120031 |
| 037 ## - SOURCE OF ACQUISITION | |
| Source of stock number/acquisition | DBAD/PUB |
| 082 ## - DEWEY DECIMAL CLASSIFICATION NUMBER | |
| Classification number | 704.94230954 |
| 245 ## - TITLE STATEMENT | |
| Title | Rabindranath Portraits And Self Portraits/ |
| 260 ## - PUBLICATION, DISTRIBUTION, ETC. (IMPRINT) | |
| Name of publisher, distributor, etc | Kumkum Bhattacharya Publishing Department |
| Place of publication, distribution, etc | Kolkata |
| 270 ## - ADDRESS | |
| City | Kolkata |
| Address | Visva Bharti 6 Acharya Jagdish Chandra Bose Road |
| Postal code | 700017 |
| 300 ## - PHYSICAL DESCRIPTION | |
| Extent | 87p.; |
| Dimensions | 28cm(hbk) |
| Other physical details | ill. |
| 942 ## - ADDED ENTRY ELEMENTS (KOHA) | |
| Source of classification or shelving scheme | Dewey Decimal Classification |
| Item type | English Books |
| Classification part | 704.94230954 |
| Call number suffix | RAB |
| Withdrawn status | Lost status | Not for loan | Collection code | Home library | Current library | Date acquired | Source of acquisition | Cost, normal purchase price | Full call number | Barcode | Copy number | Koha item type |
|---|---|---|---|---|---|---|---|---|---|---|---|---|
| Reference | Central Library | Central Library | 24/03/2023 | DBAD/PUB | 1000.00 | 704.94230954 RAB | EN-120031 | 1 | English Books |
